000 00311nam a2200133Ia 4500
005 20251222153618.0
008 251222s9999||||xx |||||||||||||| ||spa||
020 _a8820920638
082 _a238.2/C76
245 0 _aLa Verità vi Farà Liberi
250 _a1ra.ed.
264 _bEditrice Vaticana
942 _cLIB
999 _c31870
_d31870